| 000 | 01185nam a2200337 a 4500 | ||
|---|---|---|---|
| 001 | 20584 | ||
| 003 | VRT | ||
| 005 | 20260126145135.0 | ||
| 008 | 060510s1965 xo slo d | ||
| 020 | _c24.00 | ||
| 035 | _aPOKPOH45612 | ||
| 039 | 9 |
_a201810252141 _bAUTHORITY _c201609211356 _dmkpoh04 _c201609091019 _dAUTHORITY |
|
| 040 |
_aPOKPOH _bslo _cPOKPOH |
||
| 041 | 1 |
_aslo _hspa |
|
| 100 | 1 |
_aCervantes Saavedra, Miguel de, _d1547-1616 |
|
| 245 | 1 | 0 |
_aDômyselný rytier Don Quijite de la Mancha _nzväzok prvý _cSaavedra Miguel de Cervantes ; [zo španielskeho originálu prel. Jozef Felix] |
| 246 | 3 | 4 |
_aDon Quijote _n[1] |
| 250 | _a3. vyd. | ||
| 260 |
_aBratislava _bSlovenské vydavateľstvo krásnej literatúry _c1965 |
||
| 300 | _a454 s. viaz. | ||
| 490 | 1 |
_aSvetová tvorba _vZv. 33 |
|
| 650 | 0 | 7 |
_ašpanielska literatúra _2POKPOH |
| 655 | 7 |
_ahistorické romány _2POKPOH |
|
| 700 | 1 |
_aFelix, Jozef, _d1913-1977 _4trl |
|
| 700 | 1 |
_aOleríny, Vladimír, _d1921-2016 _4aft |
|
| 830 | 0 |
_aSvetová tvorba _vZv. 33 |
|
| 910 | _apokpoh | ||
| 942 |
_2ddc _cKLDO _n0 |
||
| 949 |
_6273K0481087 _asvkpoA 56686/I _bsvkpo131419 |
||
| 999 |
_c20584 _d20584 |
||